01815cam a2200301 a 450000100100000000500170001000800410002702000150006804000250008308200190010810000480012724000990017524502660027426001660054030000330070650400340073953401190077365000410089265000710093365000750100465000330107970000560111270000410116870000470120995201170125695201230137399900170149600001089820200929162320.0960214s1994 ck a b 000 0 spa  a9589057454 aDO-SdBNPbspacBNPHU a581.634bS386b1 aSchultes, Richard Evans,d1915-2001.92627210aVine of the soul: medicine, men, their plants and rituals in the Colombia Amazona.lEspañol.13aEl bejuco del alma :blos médicos tradicionales de la amazonia colombiana, sus plantas y sus rituales /cRichard Evans Schultes, Robert F. Raffauf ; prólogo de Ghillean T. Prance ; epílogo de Michael J. Balick ; traduccíon, Carlos Alberto Uribe Tobón. aSantafé de Bogota :bUniandes :aMedellín :bUniversidad de Antioquia :aSantafé de Bogotá :bUniversidad de Antioquia :bBanco de la República,c1994. avii, 284 p. :bil. ;c26 cm. aBibliografía: (p. 281-284). pTítulo original en inglés:tVine of the soul: medicine, men, their plants and rituals in the Colombia Amazona. 4aPlantas medicinaleszColombia926273 4aIndígenas de américa del surxEtnobotánicazColombia.926274 4aIndígenas de américa del surzColombiaxRitos y ceremonias.926275 4aChamanismozColombia.9262761 aRaffauf, Robert F.q(Robert Francis),d1916-9262771 aPrance, Ghillean T.,epról.9262781 aUribe Tobón, Carlos Alberto,etr.926279 001050718MOaGRbGRcHDd2009-10-12iLF1l0o581.634 S386bp10898-10r2020-06-25w2020-06-25y1ZNo se presta 001150718MOaGRbGRcMId2017-05-22iLF1l0o581.634 S386bp10898-20r2020-06-25te. 2w2020-06-25y1ZNo se presta c10637d10637